PANIC (Record no. 3836)

MARC details
000 -LEADER
fixed length control field 00306nam a2200133Ia 4500
008 - FIXED-LENGTH DATA ELEMENTS--GENERAL INFORMATION
fixed length control field 240624s9999 xx 000 0 und d
041 ## - LANGUAGE CODE
Language code of text/sound track or separate title eng
082 ## - DEWEY DECIMAL CLASSIFICATION NUMBER
Classification number 813.6 ABB
100 ## - MAIN ENTRY--PERSONAL NAME
Personal name ABBOTT JEFF
245 ## - TITLE STATEMENT
Title PANIC
260 ## - PUBLICATION, DISTRIBUTION, ETC.
Date of publication, distribution, etc. 2005
Place of publication, distribution, etc. London
Name of publisher, distributor, etc. Time Warner books
300 ## - PHYSICAL DESCRIPTION
Extent 408 : p. : cm. ; 17
365 ## - TRADE PRICE
Currency code BPS
Holdings
Withdrawn status Lost status Damaged status Not for loan Home library Current library Shelving location Date acquired Source of acquisition Cost, normal purchase price Total Holds Full call number Barcode Date last seen Copy number Price effective from Koha item type
  Missing     IMTN IMTN Rack 38-A 09/08/2006 WBD 2.99 702 813.6 ABB 3836 06/24/2024 1 06/24/2024 Books
Designed & Maintained by: LRC IMT Nagpur Contact: lrc@imtnag.ac.in© 2024. All Rights Reserved.